Statistics for Bodies of Water by Satellite Image #1

Click here to take the quiz!

General Stats

  • This quiz has been taken 22,580 times
  • The average score is 9 of 16

Answer Stats

Answer % Correct
Caribbean Sea
90%
English Channel
86%
Caspian Sea
83%
Baltic Sea
80%
Adriatic Sea
80%
Persian Gulf
69%
South China Sea
67%
Hudson Bay
63%
{Arabian} Sea
61%
Gulf of California
52%
Lake Erie
51%
Strait of {Magellan}
33%
Chesapeake Bay
26%
Puget Sound
18%
Lake {Maracaibo}
18%
Lake {Winnipeg}
16%

Score Distribution

Percentile by Number Answered

Percent of People with Each Score

Your Score History

You have not taken this quiz